<The> path to European monetary union. An institutional economics approach.

Predpoklady hospodárskeho a menového zjednotenia krajín spoločného trhu podľa Delorsovho plánu. Skúma sa reálnosť cieľov a ciest na ich dosiahnutie.

Na minha lista:
Detalhes bibliográficos
Autor principal: Utzig, S.
Formato: Capítulo de Livro
Idioma:inglês
Assuntos:
Tags: Adicionar Tag
Sem tags, seja o primeiro a adicionar uma tag!

MARC

LEADER 00000naa a2200000 4500
001 r004534
005 20221130103340.7
041 0 |a eng 
044 |a DE 
245 1 0 |a <The> path to European monetary union.  |b An institutional economics approach.  |c S. Utzig 
520 |a Predpoklady hospodárskeho a menového zjednotenia krajín spoločného trhu podľa Delorsovho plánu. Skúma sa reálnosť cieľov a ciest na ich dosiahnutie. 
610 2 0 |a mena 
610 2 0 |a integrácia ekonomická medzinárodná 
610 2 0 |a západná Európa 
610 2 0 |a trh euromenový 
610 2 0 |a únie menové 
100 1 |a Utzig, S.